Land Market and Price of the Agricultural Land after the End of the Transitional Period

Vplyv súčasnej legislatívy (2016) na trh s pozemkami a na ceny poľnohospodárskej pôdy.

Salvato in:
Dettagli Bibliografici
Autore principale: Dirgasová, Katarína
Natura: Capitolo di libro
Lingua:inglese
Soggetti:
Tags: Aggiungi Tag
Nessun Tag, puoi essere il primo ad aggiungerne!!

MARC

LEADER 00000naa a2200000 4500
001 0249212
005 20231013070924.0
041 0 |a eng 
044 |a SK 
245 1 0 |a Land Market and Price of the Agricultural Land after the End of the Transitional Period  |c Katarína Dirgasová 
520 |a Vplyv súčasnej legislatívy (2016) na trh s pozemkami a na ceny poľnohospodárskej pôdy. 
610 2 0 |a pôda poľnohospodárska 
610 2 0 |a pozemky 
610 2 0 |a hodnota pôdy 
610 2 0 |a legislatíva 
610 2 0 |a Slovensko 
100 1 |a Dirgasová, Katarína